La enfermedad de Alzheimer : (Registro nro. 3519)

Detalles MARC
000 -CABECERA
campo de control de longitud fija 00997nam a22003017a 4500
003 - IDENTIFICADOR DEL NÚMERO DE CONTROL
campo de control AR-RoIUNI
005 - FECHA Y HORA DE LA ÚLTIMA TRANSACCIÓN
campo de control 20170425094254.0
007 - CAMPO FIJO DE DESCRIPCIÓN FÍSICA--INFORMACIÓN GENERAL
campo de control de longitud fija ta
008 - DATOS DE LONGITUD FIJA--INFORMACIÓN GENERAL
campo de control de longitud fija 170425s2016 ag |||||r|||| 00| 0 spa d
040 ## - FUENTE DE LA CATALOGACIÓN
Lengua de catalogación spa
Centro/agencia transcriptor AR-RoIUNI
Normas de descripción aarc2
080 ## - NÚMERO DE LA CLASIFICACIÓN DECIMAL UNIVERSAL
Número de la Clasificación Decimal Universal 616.89
100 1# - ENTRADA PRINCIPAL--NOMBRE DE PERSONA
Nombre de persona Paladini, Lara.
245 13 - MENCIÓN DE TÍTULO
Título La enfermedad de Alzheimer :
Resto del título el enfoque de la neuropsicología /
Mención de responsabilidad, etc. Lara Paladini ; [director] Bernabe Ibañez.
260 ## - PUBLICACIÓN, DISTRIBUCIÓN, ETC. (PIE DE IMPRENTA)
Lugar de publicación, distribución, etc. Rosario :
Nombre del editor, distribuidor, etc. La autora,
Fecha de publicación, distribución, etc. 2016.
300 ## - DESCRIPCIÓN FÍSICA
Extensión 56 p. :
Otras características físicas il. ;
Dimensiones 30 cm
500 ## - NOTA GENERAL
Nota general Trabajo integrador final obligatorio (TIFO). Escuela de psicología, Instituto Universitario Italiano de Rosario.
504 ## - NOTA DE BIBLIOGRAFÍA, ETC.
Bibliografía, etc. Incluye bibliografía.
505 0# - NOTA DE CONTENIDO CON FORMATO
Nota de contenido con formato Introducción -- Capítulo 1. Enfermedad de Alzheimer -- Capítulo 2. Tratamientos para el Alzheimer.
650 #4 - PUNTO DE ACCESO ADICIONAL DE MATERIA--TÉRMINO DE MATERIA
Término de materia o nombre geográfico como elemento inicial PSICOLOGÍA
650 #4 - PUNTO DE ACCESO ADICIONAL DE MATERIA--TÉRMINO DE MATERIA
Término de materia o nombre geográfico como elemento inicial TESIS
650 #4 - PUNTO DE ACCESO ADICIONAL DE MATERIA--TÉRMINO DE MATERIA
Término de materia o nombre geográfico como elemento inicial NEUROLOGÍA
650 #4 - PUNTO DE ACCESO ADICIONAL DE MATERIA--TÉRMINO DE MATERIA
Término de materia o nombre geográfico como elemento inicial NEUROPSICOLOGÍA
650 #4 - PUNTO DE ACCESO ADICIONAL DE MATERIA--TÉRMINO DE MATERIA
Término de materia o nombre geográfico como elemento inicial DEMENCIA
650 #4 - PUNTO DE ACCESO ADICIONAL DE MATERIA--TÉRMINO DE MATERIA
Término de materia o nombre geográfico como elemento inicial ENFERMEDAD DE ALZHEIMER
653 #0 - TÉRMINO DE INDIZACIÓN--NO CONTROLADO
Término no controlado TIFO
700 1# - PUNTO DE ACCESO ADICIONAL--NOMBRE DE PERSONA
Nombre de persona Ibañez, Bernabe.
942 ## - ELEMENTOS DE PUNTO DE ACCESO ADICIONAL (KOHA)
Fuente del sistema de clasificación o colocación Clasificación Decimal Universal
Tipo de ítem Koha Libros
Existencias
Estado de retiro Estado de pérdida Fuente del sistema de clasificación o colocación Estado dañado Restricciones de uso Excepción de préstamo Código de colección Localización permanente Ubicación/localización actual Ubicación en estantería Fecha de adquisición Fuente de adquisición Número de inventario Total de préstamos Signatura topográfica completa Código de barras Fecha visto por última vez Número de copia Precio válido a partir de Tipo de ítem Koha Nota pública
    Clasificación Decimal Universal   Consulta en biblioteca No sale TIFO BIBLIOTECA RIOBAMBA BIBLIOTECA RIOBAMBA BIBLIOTECA RIOBAMBA 25/04/2017 Donación 3642   616.89 PAL 3642 25/04/2017 1 25/04/2017 TIFO 2016